000 00577nam a22001817a 4500
999 _c124562
_d124562
005 20211104094647.0
008 211015b ||||| |||| 00| 0 eng d
020 _a9783030558321
040 _cPK-LaUMT
082 _a004.678
_bCOG-
245 _aCognitive internet of medical things for smart healthcare :
_bservices and applications /
_cedited by Aboul Ella Hassanien . . . [et al.]
260 _aCham, Switzerland :
_bSpringer,
_c2021
300 _a227 p.
650 _aInternet of things
650 _aCloud computing
650 _aBiomedical engineering
942 _cBK